Statistics for Click the Correct Country

Click here to take the quiz!

General Stats

  • This quiz has been taken 94 times
  • The average score is 5 of 9

Answer Stats

HintAnswer% Correct
... and the smallest countryVatican City
85%
... the country where will be Korea's Hates?North Korea or the South Korea
66%
... the country has the lowest pouplationVatican City
66%
... how many countries are landlocked44 countries
63%
... and the biggestChina
60%
The country where he has the most GDPUnited States
59%
... the country without Alaska for 4th placeUnited States
56%
... the country has the 5th largest GDPIndia via United Kingdom
29%
... the country is way bigger than Argentina?India
16%

Score Distribution

Percentile by Number Answered

Percent of People with Each Score

Your Score History

You have not taken this quiz